000 00663nam a2200253Ia 4500
001 4005
005 20240113233706.0
007 ta
008 050607s g b000 u hin u
020 _cHB
040 _aCotton College Assam
041 _ahin
082 _a891.431
_bSu 61 H
100 _aSuman, Khem Chandra .
245 0 _aHindi Kavayitriyon ke Prem geet /
_cKhem Chandra Suman.
_hTextual Documents
250 _a1st ed. /
260 _aDelhi :
_bHindi paket books pvt. Ltd ,
_cNd.
300 _a101p. ;
_c18cm.
653 _aHindi poetry
653 _aGen-Hindi
942 _2ddc
_cBK
999 _c3993
_d3993